Œuvres de P.L. Tchebychef, (Record no. 22998)

MARC details
000 -LEADER
fixed length control field 00826cam a22002171 4500
001 - CONTROL NUMBER
control field f 01003088
003 - CONTROL NUMBER IDENTIFIER
control field DLC
005 - DATE AND TIME OF LATEST TRANSACTION
control field 20260227111245.0
008 - FIXED-LENGTH DATA ELEMENTS--GENERAL INFORMATION
fixed length control field 870417m18991907ru ac 000 0dfre
010 ## - LIBRARY OF CONGRESS CONTROL NUMBER
LC control number f 01003088
040 ## - CATALOGING SOURCE
Original cataloging agency DLC/ICU
Transcribing agency ICU
Modifying agency DLC
050 00 - LIBRARY OF CONGRESS CALL NUMBER
Classification number QA3
Item number .C48
100 1# - MAIN ENTRY--PERSONAL NAME
Personal name Chebyshev, P. L.
Fuller form of name (Pafnutiĭ Lʹvovich),
Dates associated with a name 1821-1894.
245 10 - TITLE STATEMENT
Title Œuvres de P.L. Tchebychef,
Statement of responsibility, etc. publiées par les soins de MM. A. Markoff et N. Sonin ...
260 ## - PUBLICATION, DISTRIBUTION, ETC.
Place of publication, distribution, etc. St. Pétersbourg,
Name of publisher, distributor, etc. Commissionaires de l'Académie impériale des sciences,
Date of publication, distribution, etc. 1899-1907.
300 ## - PHYSICAL DESCRIPTION
Extent 2 v.
Other physical details fronts. (ports.) diagrs.
Dimensions 30 cm.
500 ## - GENERAL NOTE
General note Notice biographique par C.A. Possé traduit par Mme. C. Jossa: v. 2, vi p.
650 #0 - SUBJECT ADDED ENTRY--TOPICAL TERM
Topical term or geographic name entry element Mathematics.
700 1# - ADDED ENTRY--PERSONAL NAME
Personal name Markov, A. A.
Fuller form of name (Andreĭ Andreevich),
Dates associated with a name 1856-1922,
Relator term ed.
700 1# - ADDED ENTRY--PERSONAL NAME
Personal name Sonin, N.,
Dates associated with a name 1849-
Relator term ed.

No items available.

Powered by Koha